000 00754nam a22002657a 4500
001 7442
003 FISKH
005 20250716094038.0
008 250716b cb ||||| |||| 00| 0 eng d
020 _a9788420792668
040 _aFISKH
_bGER
_cFISKH
_dFISKH
050 _aPZ7.B98225 M
082 _a823.91
100 _aButterworth, Nick
245 _aMym mom is excellent /
_cby Nick Butterworth
260 _aMadrid :
_bWalker Books,
_c1989.
300 _a26 pages :
_bcolor illustrations ;
_c23 cm
505 _aG
520 _aA young boy describes all the amazing things that his mother can do.
521 8 _a340
_bLexile
521 8 _aG
_bRaz-Plus
650 _aMother
_vFiction
_xFamily
942 _2ddc
_cBK
_n0
999 _c7442
_d7442